| 000 | 01108nam a2200361 i 4500 | ||
|---|---|---|---|
| 001 | 45975 | ||
| 003 | ES-MaCES | ||
| 005 | 20150929135611.0 | ||
| 008 | 150616s2015 sp 000 | spa d | ||
| 017 |
_aM 5854-2015 _bDL |
||
| 020 | _a9788494343315 | ||
| 040 |
_aES-MaCES _bspa _cES-MaCES |
||
| 100 | 1 |
_aArgüello, Jorge _935771 |
|
| 245 | 1 | 0 |
_aDiálogos sobre Europa _b: crisis del euro y recuperación del pensamiento crítico _cJorge Argüello ; prólogo de Aldo Ferrer |
| 250 | _a1ª ed | ||
| 260 |
_aMadrid _bClave intelectual _c2015 |
||
| 300 |
_a250, [3] p. _c22 |
||
| 541 | _cCompra | ||
| 650 | 4 |
_acrisis económica _927102 |
|
| 650 | 4 |
_apérdida financiera _928136 |
|
| 650 | 4 |
_aevaluación del impacto _930732 |
|
| 650 | 4 |
_aunión monetaria _928170 |
|
| 650 | 4 |
_aUEM _930760 |
|
| 650 | 4 |
_aintegración política _929381 |
|
| 650 | 4 |
_adesarrollo político _929225 |
|
| 650 | 4 |
_afuturo _928901 |
|
| 650 | 4 |
_aentrevista _928852 |
|
| 653 | 1 | 0 | _aMercado Único Europeo |
| 650 | 4 |
_926752 _aUE |
|
| 700 | 1 |
_aFerrer, Aldo _912056 _ecol. |
|
| 902 | _aLIB Libro | ||
| 942 |
_2CES _cBK _h1.0. |
||
| 999 |
_c45975 _d45975 |
||